Соединения редкоземельных элементов: Цирконаты, гафнаты, ниобаты, танталаты, антимонаты: учебное пособие

Chi tiết về thư mục
Tác giả khác: Комиссарова Л. Н. Лидия Николаевна (редактор)
Ngôn ngữ:Tiếng Nga
Được phát hành: Москва, Наука, 1985
Loạt:Химия редких элементов
Những chủ đề:
Định dạng: Sách
KOHA link:https://koha.lib.tpu.ru/cgi-bin/koha/opac-detail.pl?biblionumber=33195

MARC

LEADER 00000nam0a2200000 4500
001 33195
005 20231101210140.0
035 |a (RuTPU)RU\TPU\book\33521 
035 |a BOOK00000172 
090 |a 33195 
100 |a 20011210d1985 m y0rusy50 ca 
101 0 |a rus 
102 |a RU 
105 |a y j 000zy 
200 1 |a Соединения редкоземельных элементов: Цирконаты, гафнаты, ниобаты, танталаты, антимонаты  |e учебное пособие  |f Под ред. Л. Н. Комиссаровой 
210 |a Москва  |c Наука  |d 1985 
215 |a 262 с. 
225 1 |a Химия редких элементов 
606 1 |a Редкоземельные элементы, соединения  |x Химия  |2 stltpush  |3 (RuTPU)RU\TPU\subj\75163  |9 87034 
610 1 |a неорганическая химия 
610 1 |a цирконаты 
610 1 |a гафнаты 
610 1 |a ниобаты 
610 1 |a танталаты 
610 1 |a антимонаты 
610 1 |a учебные пособия 
675 |a 546.65(075.8)  |v 3 
702 1 |a Комиссарова  |b Л. Н.  |g Лидия Николаевна  |4 340 
801 0 |a RU  |b 63413507  |c 20011210  |g PSBO 
801 2 |a RU  |b 63413507  |c 20190331  |g PSBO 
900 |a Неорганическая химия 
900 |a Химия редких, рассеянных, радиоактивных элементов 
942 |c BK